000 01006nam a2200253 a 4500
001 BRCA_8816
005 20190320210425.0
008 260417s--------sp-#######---#000-0#spa-#
041 _aspa
044 _asp
084 _aBE197
_b.J43
100 1 _aJeann-Marie
_cLe prince de Beaumont
_921966
245 1 0 _aBiblioteca completa de educación o instrucciones para las señoras jóvenes
_ben la edad de entrar ya en la sociedad y poderse casar
_cobra escrito en francés por Madama Le Prince de Beaumont, y traducida al castellano por Don Joseph de la Fresa.
260 _aEn Madrid
_bEn la imprenta de D. Manuel Martin
300 _a344 p. (t.3)
_c15.2 x 10.5 cm.
500 _aCon las licencias necesarias
500 _aEstado físico: presenta encuadernación en pergamino
650 1 4 _aMujer
_xEducación
_921967
650 1 4 _aEducación
_yObras anteriores a 1800
_921679
700 1 _aFresa, Joseph de la
_etr.
_921968
700 1 _aManuel Martin
_eImpresor
_921969
902 _aCFM
942 _2lcc
_cB
999 _c8467
_d8467